000 01747nam a2200433 i 4500
001 47720
003 Mx-PuUPA
005 20260212110328.0
008 140415s2015 sp gr 001 0 spa d
017 _aM-7160-2015
020 _a9788498795707
040 _cMx-PuUPA
_aMx-PuUPA
_bspa
_dMx-PuUPA
_erda
041 1 _aspa
_hita
100 1 _aBobbio, Norberto,
_d1909-2004
_eautor
_92406
240 1 0 _aGiusnaturalismo e positivismo giuridico.
_lEspañol
245 1 0 _aIusnaturalismo y positivismo jurídico /
_cNorberto Bobbio ; prólogo, Luigi Ferrajoli ; traducciones, Elías Díaz, Ernesto Garzón Valdés, Andrea Greppi y Alfonso Ruiz Miguel ; edición al cuidado de Andrea Grippi
250 _aPrimera edición
264 1 _aMadrid, España :
_bEditorial Trotta,
_c2015
300 _a229 páginas :
336 _2rdacontent
_atexto
_btxt
337 _2rdamedia
_asin medio
_bn
338 _2rdacarrier
_avolumen
_bnc
490 0 _aColección estructuras y procesos
490 0 _aDerecho
500 _aReimpresiones: (primera reimpresión, 2018).
650 7 _2armarc
_aPositivismo jurídico
650 7 _2armarc
_aDerecho
_xFilosofía
650 7 _2armarc
_aDerecho natural
700 1 _aFerrajoli, Luigi,
_eprologuista
700 1 _aDíaz, Elías,
_etraductor
700 1 _aGarzón Valdés, Ernesto
_etraductor
_94913
700 1 _aGreppi, Andrea,
_etraductor
_eeditor
700 1 _aRuiz Miguel, Alfonso,
_etraductor
765 1 _aBobbio, Norberto
_tGiusnaturalismo e positivismo giuridico
_dGius. Laterza & Figli, ©2011
942 _2ddc
_cLI
_h340.112
_iB6618
999 _c47720
_d47720